000 00586cam a2200145 4500500
005 20251228052420.0
041 _afre
042 _adc
100 1 0 _aDahou, Tarik
_eauthor
245 0 0 _aVINCENT, Joan (ed.). — The Anthropology of Politics. A Reader in Ethnography, Theory and Critique. Malden-London, Blackwell, 2002, 476 p.
260 _c2005.
500 _a56
786 0 _nCahiers d'études africaines | 178 | 2 | 2005-06-01 | p. 585k-620k | 0008-0055
856 4 1 _uhttps://shs.cairn.info/revue-cahiers-d-etudes-africaines-2005-2-page-585k?lang=fr&redirect-ssocas=7080
999 _c1583507
_d1583508